| 000 | 02375cgm a2200565Ia 4500 | ||
|---|---|---|---|
| 003 | data | ||
| 005 | 20260322212052.0 | ||
| 007 | data | ||
| 008 | data | ||
| 020 | _a0793670152 | ||
| 020 | _a9780793670154 | ||
| 024 | 1 | _a841887010160 | |
| 028 | 4 | 0 | _aSIND600 |
| 033 | 0 | 1 |
_a2007---- _b5700 |
| 037 |
_bMidwest Tape _nhttp://www.midwesttapes.com |
||
| 040 |
_aTEFMT _cTEFMT _dUtOrBLW _dGC0 _dTEF _dSTU _dWIQ _dRLS _dGK8 _dLCJ _dNJT _dQ2Z _dBTCTA _dYDXCP _dB2A _dOSU _dUtOrBLW |
||
| 043 | _aa-ii--- | ||
| 049 | _aOSUU | ||
| 050 | 4 |
_aDS436 _b.S85 2008 |
|
| 082 | 0 | 4 |
_a954.04 _222 |
| 090 | _aDVD 954.04 S767 | ||
| 245 | 1 | 4 |
_aThe story of India _h[videorecording] / _cMichael Wood ... [et al.]. |
| 260 |
_a[London] : _bDistributed by PBS Home Video, _c2008. |
||
| 300 |
_a2 videodiscs (ca. 360 min.) : _bsd., col. ; _c4 3/4 in. |
||
| 500 | _aRegion 1; widescreen (enhanced); Dolby Digital 5.1 surround. | ||
| 500 | _aSpecial feature: The sights and sounds of India. | ||
| 505 | 0 | 0 |
_gDisc 2. _tFreedom. _tThe power of ideas ; _tSpice routes and silk roads -- _gDisc 2. _tAges of gold ; _tThe meeting of two oceans ; _tFreedom. |
| 508 | _aFilmed by Jeremy Jeffs ; edited by Gerry Branigan; original music by Howard Davidson & the Royal Philharmonic Orchestra; featured music by Ar Rahman ; written by Michael Wood ; directed by Jeremy Jeffs ; produced by Rebecca Dobbs. | ||
| 511 | 0 | _aPresented by Michael Wood. | |
| 518 | _aSix-part BBC television series originally broadcast in 2007. | ||
| 520 | _aHistorian Michael Wood chronicles the history of the Indian subcontinent, the richness and diversity of its peoples, and its continuing relevance in today's world. | ||
| 521 | 8 | _aNot rated. | |
| 538 | _aDVD format. | ||
| 546 | _aClosed-captioned. | ||
| 650 | 0 |
_aDemocracy _zDeveloping countries. |
|
| 651 | 0 |
_aIndia _xHistory. |
|
| 651 | 0 |
_aIndia _xCivilization. |
|
| 651 | 0 |
_aIndia _xDescription and travel. |
|
| 651 | 0 |
_aIndia _xSocial life and customs. |
|
| 655 | 0 | _aHistorical television programs. | |
| 655 | 0 | _aNonfiction television programs. | |
| 655 | 0 | _aTelevision programs for the hearing impaired. | |
| 655 | 7 |
_aEthnic (Nonfiction) _vTelevision. _2migfg. |
|
| 700 | 1 |
_aWood, Michael, _d1948- |
|
| 700 | 1 | _aJeffs, Jeremy. | |
| 710 | 2 | _aPBS Home Video. | |
| 710 | 2 | _aMaya Vision International. | |
| 730 | 0 | _aStory of India (Television program) | |
| 001 | data | ||
| 999 |
_c1229 _d1229 |
||